| 000 | 00648nam a2200217 a 4500 | ||
|---|---|---|---|
| 001 | 15311 | ||
| 003 | CO-ViMGA | ||
| 008 | 141112s2004 ck r 000 u spa d | ||
| 020 | _a8449416558 | ||
| 040 |
_aCO-ViMGA _bspa _cCO-ViMGA |
||
| 082 | 0 | 4 | _aR572 R191r |
| 110 |
_aGrupo editorial Oceano _922249 |
||
| 245 | 1 | 0 |
_aRazas del mundo : _bPueblos y Culturas |
| 260 |
_aBarcelona (E).Oceano, _c2000 |
||
| 300 | _a455.p.il.fotos | ||
| 505 | _aPueblos de Africa Pueblos de Oceanía Pueblos de Asia Pueblos de Europa Pueblos de América | ||
| 650 | 1 | 4 | _aANTROPOLOGIA |
| 650 | 1 | 4 |
_aETNOLOGIA _93012 |
| 650 | 1 | 4 |
_aRAZAS HUMANAS _922250 |
| 942 |
_2ddc _cBK |
||
| 999 |
_c25671 _d25671 |
||